000
00286nam a2200109Ia 4500
008
190216s9999||||xx |||||||||||||| ||und||
100
_a
Kunhi Kuttan Thamburan
245
0
_a
Gadhyamanjary 2nd Part
260
_b
Calicut University Publications
650
_a
Essay Malayalam
942
_c
BK
999
_c
25418
_d
25418